书目信息 |
| 题名: |
文学的消解与反消解
|
|
| 作者: | 吴立昌 主编 | |
| 分册: | ||
| 出版信息: | 上海 复旦大学出版社 2004 |
|
| 页数: | 488页 | |
| 开本: | 21cm | |
| 丛书名: | 复旦学人文库 | |
| 单 册: | ||
| 中图分类: | I209.5 | |
| 科图分类: | ||
| 主题词: | 现代文学--文学史--中国 | |
| 电子资源: | ||
| ISBN: | 7-309-04130-5 | |
| 000 | 00788oam2 2200241 45 | |
| 001 | 110000001106 | |
| 005 | 20061209161828.01 | |
| 010 | @a7-309-04130-5@dCNY25.00 | |
| 100 | @a20041203d2004 ekmy0chiy0120 ea | |
| 101 | 0 | @achi |
| 102 | @aCN@b310000 | |
| 105 | @ay z 000yy | |
| 200 | 1 | @a文学的消解与反消解@Awen xue de xiao jie yu fan xiao jie@e中国现代文学派别论争史论@f吴立昌主编@FWu Li Chang Zhu Bian |
| 210 | @a上海@c复旦大学出版社@d2004 | |
| 215 | @a488页@d21cm | |
| 225 | 2 | @a复旦学人文库 |
| 410 | @12001 @a复旦学人文库 | |
| 517 | 1 | @a中国现代文学派别论争史论@Azhong guo xian dai wen xue pai bie lun zhengshi lun |
| 606 | 0 | @a现代文学@x文学史@y中国 |
| 690 | @aI209.5@v4 | |
| 701 | 0 | @a吴立昌@4主编 |
| 801 | 0 | @aCN@bCXYBOOK@c20061209 |
| 905 | @f5@b354305-309@dI209.5@e170 | |
| 文学的消解与反消解:中国现代文学派别论争史论/吴立昌主编.-上海:复旦大学出版社,2004 |
| 488页;21cm.-(复旦学人文库) |
| ISBN 7-309-04130-5:CNY25.00 |
| ● |
| 相关链接 |
|
|
|
|
正题名:文学的消解与反消解
索取号:I209.5/170
 
预约/预借
| 序号 | 登录号 | 条形码 | 馆藏地/架位号 | 状态 | 备注 |
| 1 | 0354305 | 3543053 | 第一样本阅览室/ [索取号:I209.5/170] | 在馆 | |
| 2 | 0354306 | 3543062 | 第二借阅区/ [索取号:I209.5/170] | 在馆 | |
| 3 | 0354307 | 3543071 | 第二借阅区/ [索取号:I209.5/170] | 在馆 | |
| 4 | 0354308 | 3543080 | 第二借阅区/ [索取号:I209.5/170] | 在馆 | |
| 5 | 0354309 | 3543099 | 第二借阅区/ [索取号:I209.5/170] | 在馆 | |
| 6 | 0611597 | 206115979 | 第二借阅区/ [索取号:I209.5/170] | 在馆 | |
| 7 | 0611598 | 206115988 | 第二借阅区/ [索取号:I209.5/170] | 在馆 | |
| 8 | 0611599 | 206115997 | 第二借阅区/ [索取号:I209.5/170] | 在馆 | |
| 9 | 0611600 | 206116004 | 第二借阅区/ [索取号:I209.5/170] | 在馆 | |
| 10 | 0611601 | 206116013 | 第二借阅区/ [索取号:I209.5/170] | 在馆 |